XX Pregón del Rocío (Record no. 189793)

MARC details
000 -LEADER
campo de control de longitud fija 00613nam a2200169 i 4500
001 - NÚMERO DE CONTROL
campo de control 189793
003 - IDENTIFICADOR DE NÚMERO DE CONTROL
campo de control SpMaBN
005 - FECHA Y HORA DE LA ÚLTIMA TRANSACCIÓN
campo de control 20230906223546.0
008 - DATOS DE LONGITUD FIJA--INFORMACIÓN GENERAL
campo de control de longitud fija 191126s1996 sp ao |||| | spa d
100 1# - ENTRADA PRINCIPAL--NOMBRE DE PERSONA
Nombre de persona Ballesta Maqueda, Manuel.
9 (RLIN) 168890
245 10 - MENCIÓN DEL TÍTULO
Título XX Pregón del Rocío
Resto del título : Hermandad de los Palacios : 21 de abril de 1996 /
Mención de responsabilidad, etc. por Manuel Ballesta Maqueda.
260 ## - PUBLICACIÓN, DISTRIBUCIÓN, ETC.
Lugar de publicación, distribución, etc. [Los Palacios y Villafranca, Sevilla] :
Nombre del editor, distribuidor, etc. Ateneo de Los Palacios,
Fecha de publicación, distribución, etc. [1996]
300 ## - DESCRIPCIÓN FÍSICA
Extensión 26 p. :
Otras características físicas il., fot. ;
Dimensiones 24 cm.
650 #4 - PUNTO DE ACCESO ADICIONAL DE MATERIA--TÉRMINO DE MATERIA
Término de materia o nombre geográfico como elemento de entrada Romerías.
9 (RLIN) 168897
710 2# - ENTRADA AGREGADA--NOMBRE DE ENTIDAD CORPORATIVA
Nombre de entidad corporativa o nombre de jurisdicción como elemento de entrada Ateneo de Los Palacios (Sevilla)
9 (RLIN) 1873
852 ## - LOCALIZACIÓN
Ubicación ES-MaACL
Número de control de estantería 1860-F-27
Holdings
Estatus retirado Estado de pérdida Estado de daño No para préstamo Colección Biblioteca de origen Biblioteca actual Ubicación en estantería Fecha de adquisición Fuente de adquisición Total de préstamos Signatura topográfica completa Código de barras Visto por última vez Precio de reemplazo Tipo de ítem Koha
        Colección de folletos Biblioteca del Ateneo de Madrid Biblioteca del Ateneo de Madrid Depósito folletos 26/11/2019     1860-F-27 1201305 23/02/2023 23/02/2023 Folleto